000
00505nam a2200169Ia 4500
008
090711s9999 xx 000 0 und d
082
_b
24969
100
_a
गांगल वसंत
245
_a
एक दिवस असा येतो
260
_c
1971
300
_a
80
600
_a
गांगल वसंत
630
_a
एक दिवस असा येतो
700
_a
गांगल वसंत
730
_a
एक दिवस असा येतो
942
_c
BOOK
999
_c
287545
_d
287545